1991 NFL Standings - Statistics

General Stats
  • This quiz has been taken 17 times
  • The average score is 17 of 28
Answer Stats
Rank (seed) Record NFL Team % Correct
AFC East Champ (1) 13-3 Buffalo Bills
100%
AFC West Champ (2) 12-4 Denver Broncos
100%
AFC Central Champ (3) 11-5 Houston Oilers
100%
NFC East Champ (1) 14-2 Washington Redskins
89%
AFC (10) Missed Playoffs 6-10 Cleveland Browns
78%
NFC Central Champ (2) 12-4 Detroit Lions
78%
AFC Wild Card (4) 10-6 Kansas City Chiefs
78%
AFC Wild Card (5) 9-7 Los Angeles Raiders
78%
AFC (7) Missed Playoffs 8-8 Miami Dolphins
78%
AFC Wild Card (6) 8-8 New York Jets
78%
AFC (13) Missed Playoffs 3-13 Cincinnati Bengals
67%
AFC (11) Missed Playoffs 6-10 New England Patriots
67%
AFC (12) Missed Playoffs 4-12 San Diego Chargers
67%
AFC (8) Missed Playoffs 7-9 Seattle Seahawks
67%
AFC (14) Missed Playoffs 1-15 Indianapolis Colts
56%
NFC (8) Missed Playoffs 10-6 Philadelphia Eagles
56%
AFC (9) Missed Playoffs 7-9 Pittsburgh Steelers
56%
NFC (7) Missed Playoffs 10-6 San Francisco 49ers
56%
NFC Wild Card (6) 10-6 Atlanta Falcons
44%
NFC Wild Card (4) 11-5 Chicago Bears
44%
NFC Wild Card (5) 11-5 Dallas Cowboys
44%
NFC (13) Missed Playoffs 3-13 Los Angeles Rams
44%
NFC West Champ (3) 11-5 New Orleans Saints
44%
NFC (11) Missed Playoffs 4-12 Green Bay Packers
33%
NFC (9) Missed Playoffs 8-8 Minnesota Vikings
33%
NFC (10) Missed Playoffs 8-8 New York Giants
33%
NFC (12) Missed Playoffs 4-12 Phoenix Cardinals
33%
NFC (14) Missed Playoffs 3-13 Tampa Bay Buccaneers
33%
No matching quizzes found
Score Distribution
Percent of People with Each Score
Percentile by Number Answered
Your Score History
You have not taken this quiz